Waterloo / (Record no. 4548)
[ view plain ]
| 000 -CABECERA | |
|---|---|
| campo de control de longitud fija | 00608cam a2200181 a 4500 |
| 001 - NÚMERO DE CONTROL | |
| campo de control | 000004742 |
| 005 - FECHA Y HORA DE LA ÚLTIMA TRANSACCIÓN | |
| campo de control | 20200929151508.0 |
| 008 - DATOS DE LONGITUD FIJA--INFORMACIÓN GENERAL | |
| campo de control de longitud fija | 740522s1966 sp 000 f spa |
| 040 ## - FUENTE DE LA CATALOGACIÓN | |
| Centro catalogador/agencia de origen | DO-SdBNP |
| 082 ## - NÚMERO DE LA CLASIFICACIÓN DECIMAL DEWEY | |
| Número de clasificación | 843.8. |
| Número de documento/Ítem | E65w |
| 100 1# - ENTRADA PRINCIPAL--NOMBRE DE PERSONA | |
| Nombre de persona | Erckmann-Chatrian. |
| Forma completa/desarrollada del nombre | (Émile Erckmann, Alexandre Chatrian) |
| Fechas asociadas al nombre | 1822-1899, 1826-1890 . |
| 9 (RLIN) | 13787 |
| 245 10 - MENCIÓN DE TÍTULO | |
| Título | Waterloo / |
| Mención de responsabilidad, etc. | Erckmann-Chatrian. |
| 260 ## - PUBLICACIÓN, DISTRIBUCIÓN, ETC. | |
| Lugar de publicación, distribución, etc. | Barcelona : |
| Nombre del editor, distribuidor, etc. | Ramón Sopena, |
| Fecha de publicación, distribución, etc. | 1966. |
| 300 ## - DESCRIPCIÓN FÍSICA | |
| Extensión | 244 p. ; |
| Dimensiones | 18 cm. |
| 440 #0 - MENCIÓN DE SERIE/PUNTO DE ACCESO ADICIONAL--TÍTULO | |
| Título | Biblioteca Sopena ; |
| Designación de volumen o secuencia | no. 37-1 |
| 9 (RLIN) | 12815 |
| 700 1# - PUNTO DE ACCESO ADICIONAL--NOMBRE DE PERSONA | |
| Nombre de persona | Erckmann, Émile |
| Fechas asociadas al nombre | 1822-1899, |
| 9 (RLIN) | 13788 |
| 700 1# - PUNTO DE ACCESO ADICIONAL--NOMBRE DE PERSONA | |
| Nombre de persona | Chatrian, Alexandre, |
| Fechas asociadas al nombre | 1826-1890, |
| 9 (RLIN) | 13789 |
| Estado de retiro | Estado de pérdida | Restricciones de uso | No para préstamo | Código de colección | Localización permanente | Ubicación/localización actual | Ubicación en estantería | Fecha de adquisición | Número de inventario | Total de préstamos | Signatura topográfica completa | Código de barras | Fecha visto por última vez | Precio válido a partir de | Tipo de ítem Koha |
|---|---|---|---|---|---|---|---|---|---|---|---|---|---|---|---|
| Préstamo interno | Monografías: Libros y Folletos | General | General | En catalogación | 25.07.2009 | LF1 | 843.8. E65w | 4742-10 | 25.06.2020 | 25.06.2020 | Préstamo interno |
